Bioquímica general
Uloženo v:
| Hlavní autoři: | , |
|---|---|
| Médium: | Kniha |
| Jazyk: | španělština |
| Vydáno: |
Barcelona
Omega
1961
|
| Témata: | |
| Tagy: |
Přidat tag
Žádné tagy, Buďte první, kdo vytvoří štítek k tomuto záznamu!
|
MARC
| LEADER | 00000nam a2200000 a 4500 | ||
|---|---|---|---|
| 001 | UCT1553 | ||
| 003 | CL-VaPUC | ||
| 008 | 960927e19610000SP |||||||||||||||||spa|d | ||
| 082 | 0 | 4 | |a 572 |b FRU |2 21 |
| 100 | 0 | |a Fruton, Joseph S |e author |9 370475 | |
| 700 | 0 | |a Simmonds, Sofía |e author |9 370476 | |
| 245 | 1 | 0 | |a Bioquímica general |
| 300 | |a 1043 p | ||
| 942 | |c BK | ||
| 945 | |d 19960927 00:00:00 |a paguirre | ||
| 260 | |a Barcelona |b Omega |c 1961 | ||
| 650 | 0 | |a Bioquímica |9 259492 | |
| 650 | 7 | |a PROTEINAS |2 CL-VaPUC |9 370477 | |
| 650 | 0 | |a Enzimas |9 262984 | |
| 650 | 0 | |a Aminoácidos |9 259616 | |
| 650 | 0 | |a Metabolismo |9 259893 | |
| 650 | 0 | |a Cinética |9 260943 | |
| 650 | 0 | |a Oxidación |9 326616 | |
| 583 | |a last modification |c 19960927 00:00:00 |k Rodrigo Vera | ||
| 999 | |c 252039 |d 252037 | ||
| 952 | |0 0 |1 0 |4 0 |6 572_000000000000000_FRU_1961 |7 0 |8 A |9 271636 |a BIBCUR |b BIBCUR |d 2019-11-19 |i 1753185 |o 572 FRU 1961 |p 1753185 |r 2025-04-22 |w 2019-11-19 |y BK |k BCB | ||
| 952 | |0 0 |1 0 |4 0 |6 572_000000000000000_FRU_1961 |7 0 |8 A |9 271637 |a BIBALI |b BIBALI |c GEN |d 2019-11-19 |i 1968076 |o 572 FRU 1961 |p 1968076 |r 2025-01-20 |w 2019-11-19 |y BK |k ALI | ||